000 00987nam0a22002531 4500
001 rc\1050656
005 20041129103706.9
035 _a(NLR Aleph) 006212146
090 _a6379922
_c6379922
100 _a20041129d1981 u |0rusy50 ca
101 0 _arus
102 _aRU
105 _aa |||||||||
200 1 _aФормирование плотной кумулятивной струи в трубчатом аноде сильноточного диода
_fС.М. Захаров, А.Н. Лебедев, Д.Б. Орлов и др.
210 _aМ.
_cБ. и.
_d1981
215 _a[1], 12 с.
_cил.
_d21
225 1 _aПрепринт
_fАН СССР, Физ. ин-т им. П.Н. Лебедева. Лаб. пробл. новых ускорителей
_v№ 49
_iФизика плазмы
320 _aБиблиогр.: с. 12
701 1 _aЗахаров
_bС. М.
801 0 _aRU
_bNLR
_gpsbo
801 1 _aRU
_bELAR
_2rusmarc
852 _aNLR
_j81-6/4027
942 _cBOOK
980 _aNB